Case studies in global entrepreneurship

Na minha lista:
Detalhes bibliográficos
Autor principal: Welsh, Dianne H.B
Outros Autores: Carraher, Shawn M.
Formato: Livro
Idioma:inglês
Publicado em: Dubuque Kendall Hunt 2011
Assuntos:
Tags: Adicionar Tag
Sem tags, seja o primeiro a adicionar uma tag!

MARC

LEADER 00000nam a2200000 4500
001 0200203
005 20221207093354.8
020 |a 978-0-7575-8593-7 
041 0 |a eng 
044 |a US 
245 1 0 |a Case studies in global entrepreneurship  |c Dianne H.B. Welsh, Shawn M. Carraher 
264 1 |a Dubuque  |b Kendall Hunt  |c 2011 
300 |a grafy, obr., tab. 
610 2 0 |a podnikanie 
610 2 0 |a obchod 
610 2 0 |a globalizácia 
610 2 0 |a podnikanie medzinárodné 
610 2 0 |a obchod medzinárodný 
610 2 0 |a štúdie prípadové 
100 1 |a Welsh, Dianne H.B. 
700 1 |a Carraher, Shawn M.